00619nam a2200193Ia 4500003000900000008004100009020000700050040001600057080001600073245009400089260003300183300001400216490006400230650001700294650004100311700002500352700002300377700002500400IN-BaIIA211028s9999 xx 000 0 eng d aNO cIIA Library a629.19bALP 0aVistas in Astronauticsbvol. 2cedited by Morton Alperin, Marvin Stern and Harold Wooster aLondon, Pergamon Pressc1958 axi, 330p. aInternational Series of Monographs on Aeronautical Sciences aAstronautics aAstronomy and Astrophysics Thesaurus aAlperin, Morton.,ed. aStern, Marvin.,ed. aWooster, Harold.,ed.